|
|
|
|
| LEADER |
01323nam a2200361Ia 4500 |
| 001 |
EBC3238186 |
| 003 |
MiAaPQ |
| 005 |
20200520144314.0 |
| 006 |
m o d | |
| 007 |
cr cn||||||||| |
| 008 |
121113s2011 si a es 000 0 eng |
| 020 |
|
|
|z 9789814298186
|
| 020 |
|
|
|z 9789814298193
|
| 035 |
|
|
|a (MiAaPQ)EBC3238186
|
| 035 |
|
|
|a (Au-PeEL)EBL3238186
|
| 035 |
|
|
|a (CaPaEBR)ebr10616913
|
| 035 |
|
|
|a (CaONFJC)MIL484746
|
| 035 |
|
|
|a (OCoLC)923762465
|
| 040 |
|
|
|a MiAaPQ
|c MiAaPQ
|d MiAaPQ
|
| 050 |
|
4 |
|a HG1285
|b .Z44 2011
|
| 082 |
0 |
4 |
|a 339.530951
|
| 100 |
1 |
|
|a Zhiyong, Fan.
|
| 245 |
1 |
0 |
|a China's opening-up
|h [electronic resource] :
|b the impact on monetary policy choice /
|c Fan Zhiyong.
|
| 260 |
|
|
|a Singapore :
|b Enrich,
|c c2011.
|
| 300 |
|
|
|a xx, 268 p. :
|b ill.
|
| 490 |
1 |
|
|a Enrich series on China's economic issues ;
|v 1
|
| 533 |
|
|
|a Electronic reproduction. Ann Arbor, MI : ProQuest, 2015. Available via World Wide Web. Access may be limited to ProQuest affiliated libraries.
|
| 650 |
|
0 |
|a Monetary policy
|z China
|x History.
|
| 651 |
|
0 |
|a China
|x Economic policy
|y 2000-
|
| 655 |
|
4 |
|a Electronic books.
|
| 710 |
2 |
|
|a ProQuest (Firm)
|
| 830 |
|
0 |
|a Enrich series on China's economic issues ;
|v v. 1.
|
| 856 |
4 |
0 |
|u https://ebookcentral.proquest.com/lib/matrademy/detail.action?docID=3238186
|z Click to View
|